Govt. of
Madhya Pradesh

The India C̜hina Relationship (Record no. 14254)

MARC details
000 -LEADER
fixed length control field 003930000a22001570004500
001 - CONTROL NUMBER
control field 002342
003 - CONTROL NUMBER IDENTIFIER
control field MACL
040 ## - CATALOGING SOURCE
Original cataloging agency MACL
090 ## - LOCALLY ASSIGNED LC-TYPE CALL NUMBER (OCLC); LOCAL CALL NUMBER (RLIN)
-- 14335
-- 14334
100 ## - MAIN ENTRY--PERSONAL NAME
Personal name Frankel, Francis
245 ## - TITLE STATEMENT
Title The India C̜hina Relationship
Remainder of title Rivaalry And Engagement
Statement of responsibility, etc. Francis Frankel
260 ## - PUBLICATION, DISTRIBUTION, ETC. (IMPRINT)
Place of publication, distribution, etc. Oxford uni. Press,
Date of publication, distribution, etc. 2004
350 ## - PRICE (NR) (BK AM CF MU VM SE) [OBSOLETE]
Price 595
650 ## - SUBJECT ADDED ENTRY--TOPICAL TERM
Topical term or geographic name as entry element International Relationship
942 ## - ADDED ENTRY ELEMENTS (KOHA)
Call number prefix 328
Koha item type Library Membar
Holdings
Withdrawn status Lost status Damaged status Not for loan Home library Current library Date acquired Total Checkouts Full call number Barcode Date last seen Uniform Resource Identifier Price effective from Koha item type
        MACL MACL 15/04/2015   328 Book CRE17624 29/04/2015 14137 15/04/2015 Books